[Event "Ruhrgebiet Regionalliga 0910"]
[Site "Germany"]
[Date "2009.12.13"]
[Round "4.7"]
[White "Klasmeier, Jens"]
[Black "Steinmetzer, Thomas"]
[Result "0-1"]
[WhiteElo "2160"]
[BlackElo "2069"]
[PlyCount "66"]
[EventDate "2009.09.06"]
[EventType "team-tourn"]
[EventRounds "9"]
[EventCountry "GER"]
[SourceTitle "EXT 2011"]
[Source "ChessBase"]
[SourceDate "2010.11.26"]
[SourceVersion "1"]
[SourceVersionDate "2010.11.26"]
[SourceQuality "1"]
[WhiteTeam "Borbeck Weisse Dame"]
[BlackTeam "Brackel"]
[WhiteTeamCountry "GER"]
[BlackTeamCountry "GER"]

1. e4 e5 2. Nc3 Nf6 3. f4 d5 4. fxe5 Nxe4 5. d3 Nxc3 6. bxc3 Nc6 7. Nf3 d4 8. Be2 Bc5 9. 0-0 dxc3+ 10. Kh1 0-0 11. Qe1 Nd4 12. Ng5 Bf5 13. Bh5 Nxc2 14. Qh4 Qxd3 15. Rd1 Qxd1+ 16. Bxd1 Nxa1 17. Bh5 Rad8 18. Qc4 c2 19. Bxf7+ Kh8 20. Bd5 Be4 21. h3 Bxd5 22. Qxc5 Rf1+ 23. Kh2 Rxc1 24. Qxc7 Ra8 25. e6 Rf1 26. Nf7+ Rxf7 27. exf7 Bxf7 28. Qc3 Bxa2 29. Qxa1 Rc8 30. Qc1 b5 31. h4 b4 32. h5 h6 33. g4 b3 0-1

[Event "Ruhrgebiet Regionalliga 0910"]
[Site "Germany"]
[Date "2009.09.27"]
[Round "2.7"]
[White "Klasmeier, Jens"]
[Black "Pilat, Fabian"]
[Result "1-0"]
[WhiteElo "2160"]
[BlackElo "1973"]
[PlyCount "41"]
[EventDate "2009.09.06"]
[EventType "team-tourn"]
[EventRounds "9"]
[EventCountry "GER"]
[SourceTitle "EXT 2011"]
[Source "ChessBase"]
[SourceDate "2010.11.26"]
[SourceVersion "1"]
[SourceVersionDate "2010.11.26"]
[SourceQuality "1"]
[WhiteTeam "Borbeck Weisse Dame"]
[BlackTeam "Bochum SG III"]
[WhiteTeamCountry "GER"]
[BlackTeamCountry "GER"]

1. e4 c5 2. a3 e6 3. b4 cxb4 4. axb4 Bxb4 5. Bb2 Nf6 6. e5 Nd5 7. c4 Ne7 8. Na3 Qb6 9. Nf3 Nf5 10. Bd3 Ne7 11. Nb5 0-0 12. Bxh7+ Kxh7 13. Bd4 Qc6 14. Ng5+ Kg6 15. Qg4 f5 16. Qh4 Qxg2 17. 0-0-0 Bxd2+ 18. Rxd2 Qxh1+ 19. Rd1 Qc6 20. f4 Qxc4+ 21. Nc3 1-0

[Event "Ruhrgebiet Regionalliga 0708"]
[Site "Germany"]
[Date "2008.02.24"]
[Round "6.3"]
[White "Klasmeier, Jens"]
[Black "Erwich, Frank"]
[Result "0-1"]
[WhiteElo "2147"]
[BlackElo "2203"]
[PlyCount "107"]
[EventDate "2007.09.16"]
[EventType "team"]
[EventRounds "9"]
[EventCountry "GER"]
[SourceTitle "EXT 2009"]
[Source "ChessBase"]
[SourceDate "2008.11.26"]
[SourceVersion "1"]
[SourceVersionDate "2008.11.26"]
[SourceQuality "1"]
[WhiteTeam "Essen Borbeck"]
[BlackTeam "Erkenschwick"]
[WhiteTeamCountry "GER"]
[BlackTeamCountry "GER"]

1. e4 e5 2. Nc3 Nf6 3. f4 d5 4. fxe5 Nxe4 5. Nf3 Bg4 6. Qe2 Nxc3 7. dxc3 Be7 8. Bf4 0-0 9. 0-0-0 Qd7 10. Qe3 Qa4 11. Kb1 c6 12. h3 Be6 13. b3 Qa3 14. Bd3 a5 15. Ng5 Bxg5 16. Bxg5 a4 17. Qc1 Qxc1+ 18. Bxc1 Nd7 19. Rhe1 Rfe8 20. c4 Nc5 21. cxd5 Bxd5 22. Bf1 axb3 23. axb3 Be4 24. Bb2 Bg6 25. Kc1 Ra2 26. Kb1 Rea8 27. Bc4 b5 28. e6 bxc4 29. e7 Rxb2+ 30. Kxb2 Re8 31. Rd8 f6 32. b4 Na4+ 33. Ka3 Nc3 34. Re6 Nb5+ 35. Kb2 c3+ 36. Kc1 Kf7 37. Rxe8 Kxe8 38. Rxc6 Kxe7 39. Rc5 Nd4 40. Rc7+ Kd6 41. Rc4 Nxc2 42. b5 Na3 43. Rb4 Kc7 44. Rb3 Nb1 45. g4 Kb6 46. h4 Bd3 47. Kd1 g6 48. h5 gxh5 49. gxh5 f5 50. h6 f4 51. Rb4 c2+ 52. Kc1 Nc3 53. Kd2 Na2 54. Rb1 0-1

[Event "Ruhrgebiet Regionalliga 0708"]
[Site "Germany"]
[Date "2007.09.16"]
[Round "1.3"]
[White "Klasmeier, Jens"]
[Black "Schoepf, Ulrich"]
[Result "1-0"]
[WhiteElo "2172"]
[BlackElo "2119"]
[PlyCount "85"]
[EventDate "2007.09.16"]
[EventType "team"]
[EventRounds "9"]
[EventCountry "GER"]
[SourceTitle "EXT 2009"]
[Source "ChessBase"]
[SourceDate "2008.11.26"]
[SourceVersion "1"]
[SourceVersionDate "2008.11.26"]
[SourceQuality "1"]
[WhiteTeam "Essen Borbeck"]
[BlackTeam "Uberruhr"]
[WhiteTeamCountry "GER"]
[BlackTeamCountry "GER"]

1. e4 c5 2. Nf3 d6 3. Bb5+ Bd7 4. Bxd7+ Nxd7 5. 0-0 Ngf6 6. Qe2 e6 7. c3 Be7 8. d4 0-0 9. Bg5 h6 10. Bh4 cxd4 11. cxd4 d5 12. e5 Ne4 13. Bxe7 Qxe7 14. Rd1 Rac8 15. Ne1 Rc6 16. f3 Ng5 17. Nc3 a6 18. f4 Nh7 19. f5 Qg5 20. f6 gxf6 21. Rd3 Kh8 22. Rg3 Qf4 23. Rg4 Qf5 24. Nd3 h5 25. Rh4 Rg8 26. Rf1 Qg5 27. Rff4 fxe5 28. dxe5 Rg7 29. Rxh5 Qd8 30. Rg4 Rxg4 31. Qxg4 Rc4 32. Qf3 Qg8 33. Rh3 Rg4 34. Ne2 Rg5 35. Ng3 Qg6 36. Rh4 Nxe5 37. Nxe5 Rxe5 38. Qc3 Qf6 39. Qc8+ Kg7 40. Rg4+ Kh6 41. Qc1+ Ng5 42. h4 Kh7 43. hxg5 1-0

[Event "NRW Class1 0405"]
[Site "Germany"]
[Date "2005.01.30"]
[Round "6.2"]
[White "Klasmeier, Jens"]
[Black "Haselhorst, Helmut"]
[Result "0-1"]
[WhiteElo "2195"]
[BlackElo "2121"]
[PlyCount "96"]
[EventDate "2004.10.10"]
[EventType "team"]
[EventRounds "9"]
[EventCountry "GER"]
[SourceTitle "EXT 2006"]
[Source "ChessBase"]
[SourceDate "2005.11.24"]
[SourceVersion "1"]
[SourceVersionDate "2005.11.24"]
[SourceQuality "1"]
[WhiteTeam "Essen Borbeck"]
[BlackTeam "Westbevern"]
[WhiteTeamCountry "GER"]
[BlackTeamCountry "GER"]

1. e4 c6 2. c4 d5 3. exd5 cxd5 4. cxd5 a6 5. Qa4+ Nd7 6. Nc3 Ngf6 7. Bb5 g6 8. Nf3 Bg7 9. Bxd7+ Nxd7 10. 0-0 0-0 11. Qh4 Nf6 12. d4 Nxd5 13. Ng5 h6 14. Nf3 e6 15. Qg3 b6 16. Re1 Bb7 17. Qh3 Nxc3 18. bxc3 Bxf3 19. Qxf3 Qd7 20. Rb1 Rab8 21. Bf4 Rb7 22. Be5 Rc8 23. h3 Qc6 24. Qxc6 Rxc6 25. Bxg7 Kxg7 26. Rb3 Rc4 27. Kf1 Ra4 28. a3 b5 29. Ke2 Rc7 30. Kd3 Kf8 31. Kc2 Rxd4 32. Rb4 Rdc4 33. Re3 Ke7 34. Kb3 g5 35. a4 Rxb4+ 36. cxb4 bxa4+ 37. Kxa4 Rc2 38. Rf3 f5 39. Ka5 Ra2+ 40. Kb6 f4 41. g3 e5 42. gxf4 gxf4 43. Rc3 Rxf2 44. Kxa6 Rb2 45. b5 Ke6 46. b6 e4 47. Rc5 f3 48. Rb5 Rxb5 0-1